LEADER 00731nam0 2200241 450 001 000001368 005 20050630115400.0 010 $a88-348-7261-4 100 $a--------d1997----km-y0itay50------ba 101 $aita 102 $aIT 200 1 $aEsercizi e complementi di matematica$fPasquale Luigi De Angelis 210 $aTorino$cGiappichelli$d1997c 215 $a489 p.$d24 cm 610 1 $aMatematica$aEsercizi 676 $a510.76 700 1$aDe Angelis,$bPasquale Luigi$079604 801 0$aIT $bUNIPARTHENOPE $gRICA $2UNIMARC 912 $a000001368 951 $cNAVA1$a510-E/11$b33136$d20000517 951 $cNAVA1$a510-E/16$b33278$d20000517 996 $aEsercizi e complementi di matematica$9410531 997 $aUNIPARTHENOPE LEADER 01021nam1-2200325---450- 001 990002854030203316 005 20070112134546.0 035 $a000285403 035 $aUSA01000285403 035 $a(ALEPH)000285403USA01 035 $a000285403 100 $a20070112h1980----km-y0itay50------ba 101 $aeng 102 $aGB 105 $a||||||||001yy 200 1 $a<> main institutions of jewish law$fby the late Rabbi Dr Isaac Herzog$gforeword by Professor M. Silberg 210 $aLondon$aNew York$cThe Soncino Press Limited$dcopyr. 1980- 215 $av.$d21 cm 463 \1$1001990002854170203316$12001 $a<> <> law of obligations 606 0 $aDiritto$yIsraele$xStoria 676 $a349.5694 700 1$aHERZOG,$bRabbi Dr Isaac$0595561 801 0$aIT$bsalbc$gISBD 912 $a990002854030203316 951 $aIG XV$bL.M.$cIG XV 959 $aBK 969 $aGIU 979 $aPAOLA$b90$c20070112$lUSA01$h1345 996 $aMain institutions of jewish law$9992637 997 $aUNISA LEADER 02067nam 2200553Ia 450 001 9910786356403321 005 20230801225156.0 010 $a0-8262-7297-5 035 $a(CKB)2670000000276029 035 $a(EBL)3440815 035 $a(SSID)ssj0000798993 035 $a(PQKBManifestationID)11510610 035 $a(PQKBTitleCode)TC0000798993 035 $a(PQKBWorkID)10755667 035 $a(PQKB)10520609 035 $a(MiAaPQ)EBC3440815 035 $a(OCoLC)868031116 035 $a(MdBmJHUP)muse26131 035 $a(Au-PeEL)EBL3440815 035 $a(CaPaEBR)ebr10615170 035 $a(OCoLC)929155301 035 $a(EXLCZ)992670000000276029 100 $a20121115d2012 uy 0 101 0 $aeng 135 $aur|n|---||||| 181 $ctxt 182 $cc 183 $acr 200 14$aThe patience of Pearl$b[electronic resource] $espiritualism and authorship in the writings of Pearl Curran /$fDaniel B. Shea 210 $aColumbia, Mo. $cUniversity of Missouri Press$dc2012 215 $a1 online resource (296 p.) 300 $aDescription based upon print version of record. 311 $a0-8262-1989-6 320 $aIncludes bibliographical references and index. 327 $aIntroduction : from spiritualism to vivisection -- ch. 1. Domestic oracle and her genealogy -- ch. 2. From Pearl to Patience -- ch. 3. Pearl vs. Patience : medium vs. control -- ch. 4. What Patience wrote -- ch. 5. An occult vocabulary and the problem of knowledge -- ch. 6. Dissecting a specter -- ch. 7. Pearl and Patience in the twenties -- ch. 8. City of Angels -- ch. 9. Neural Pearl : automaticity for all. 517 3 $aWritings of Pearl Curran 606 $aSpiritualism 606 $aSpirit writings 615 0$aSpiritualism. 615 0$aSpirit writings. 676 $a133.9 700 $aShea$b Daniel B$g(Daniel Bartholomew)$01570014 801 0$bMiAaPQ 801 1$bMiAaPQ 801 2$bMiAaPQ 906 $aBOOK 912 $a9910786356403321 996 $aThe patience of Pearl$93843360 997 $aUNINA